000 006560000a22002050004500
003 LK-CoMWRAF
005 20231113114109.0
008 230817t2007 ||||| |||| 00| 0 eng d
020 _a9559114383
040 _aLK-CoMWRAF
_dLK-CoMWRAF
_eLK-CoMWRAF
041 _aeng
082 _a333.95
_bPET
100 _aPethiyagoda, Rohan
245 _aPearls, spices and green gold :
_ban illustrated history of biodiversity exploration in Sri Lanka
260 _aColombo:
_bWHT Publications,
_c2007
300 _a241 p. : ill., maps ; 25 cm.
_bBibliography and index included
650 _aBIODIVERSITY-Sri Lanka
650 _aNaturalists-Biography
942 _cBK
999 _c2283
_d2283